[Event "Pardubice Czech op-B 28th"]
[Site "Pardubice"]
[Date "2017.07.23"]
[Round "3"]
[White "Horbing, Stefan"]
[Black "Pribylova, Sofie"]
[Result "1-0"]
[WhiteElo "2106"]
[BlackElo "1979"]
[PlyCount "81"]
[EventDate "2017.07.21"]
[EventType "swiss"]
[EventRounds "9"]
[EventCountry "CZE"]
[SourceTitle "CBM 179 Extra"]
[Source "ChessBase"]
[SourceDate "2017.08.23"]
[SourceVersion "1"]
[SourceVersionDate "2017.08.23"]
[SourceQuality "1"]

1. e4 d6 2. d4 Nf6 3. Nc3 Nbd7 4. f4 e5 5. d5 Be7 6. Nf3 c6 7. fxe5 Nxe5 8. Bf4 Ng6 9. Bg3 0-0 10. Qd2 b5 11. dxc6 b4 12. Nd5 Nxe4 13. Qd4 Bf5 14. 0-0-0 Qa5 15. Bc4 Rfc8 16. c7 Bf8 17. Be1 Qc5 18. Qxc5 dxc5 19. Ba6 Re8 20. Bb7 Rac8 21. Bxc8 Bxc8 22. a3 Bb7 23. axb4 Rc8 24. b5 Bxd5 25. Rxd5 Rxc7 26. c4 Be7 27. Ba5 Rc8 28. Rd7 Nd6 29. b3 Ra8 30. Rd1 Nf5 31. g3 h6 32. Bc7 Nf8 33. R7d3 Ne6 34. Be5 Ng5 35. g4 Nxf3 36. Rxf3 Bg5+ 37. Kb1 Ne3 38. Rg1 Re8 39. Bd6 Re4 40. h3 Re8 41. Bxc5 1-0

[Event "Liberec op 17th"]
[Site "Liberec"]
[Date "2017.03.03"]
[Round "8"]
[White "Horbing, Stefan"]
[Black "Nagy, Gabor"]
[Result "0-1"]
[WhiteElo "2121"]
[BlackElo "2449"]
[PlyCount "80"]
[EventDate "2017.02.25"]
[EventType "swiss"]
[EventRounds "9"]
[EventCountry "CZE"]
[SourceTitle "CBM 177 Extra"]
[Source "ChessBase"]
[SourceDate "2017.04.27"]
[SourceVersion "1"]
[SourceVersionDate "2017.04.27"]
[SourceQuality "1"]

1. e4 c5 2. Nf3 d6 3. d4 cxd4 4. Nxd4 Nf6 5. Nc3 Nc6 6. Be2 e5 7. Nb3 Be7 8. 0-0 0-0 9. Be3 a5 10. Nd2 Be6 11. Nc4 b5 12. Nb6 Rb8 13. Nbd5 b4 14. Nxf6+ Bxf6 15. Nd5 Bg5 16. c3 Bxe3 17. Nxe3 bxc3 18. bxc3 Ne7 19. Qa4 Qc7 20. Qa3 Rb6 21. Rfd1 Rc6 22. h3 g6 23. Rab1 f5 24. Rb5 fxe4 25. Rxa5 Nf5 26. Ra7 Qd8 27. Nxf5 gxf5 28. Qb4 Rb6 29. Qa5 Rb2 30. Bf1 Qh4 31. Qc7 Qxf2+ 32. Kh1 Bf7 33. Qe7 Qg3 34. Qxd6 e3 35. Qd3 e4 36. Qa6 Rd2 37. Rb1 Rf2 38. Ra8 e2 39. Rxf8+ Kxf8 40. Qh6+ Kg8 0-1

[Event "Liberec op 17th"]
[Site "Liberec"]
[Date "2017.03.02"]
[Round "7"]
[White "Bradac, Daniel"]
[Black "Horbing, Stefan"]
[Result "0-1"]
[WhiteElo "2002"]
[BlackElo "2121"]
[PlyCount "86"]
[EventDate "2017.02.25"]
[EventType "swiss"]
[EventRounds "9"]
[EventCountry "CZE"]
[SourceTitle "CBM 177 Extra"]
[Source "ChessBase"]
[SourceDate "2017.04.27"]
[SourceVersion "1"]
[SourceVersionDate "2017.04.27"]
[SourceQuality "1"]

1. e4 e5 2. Nf3 Nc6 3. Bb5 a6 4. Ba4 Nf6 5. 0-0 b5 6. Bb3 Bc5 7. Nxe5 Nxe5 8. d4 Bxd4 9. Qxd4 d6 10. c3 Bb7 11. Bg5 c5 12. Qe3 h6 13. Bxf6 Qxf6 14. f4 Nd7 15. e5 Qe7 16. e6 fxe6 17. Bxe6 Nf8 18. f5 Nxe6 19. fxe6 Rf8 20. Nd2 0-0-0 21. b4 Rde8 22. bxc5 Rxf1+ 23. Rxf1 Qxe6 24. Qxe6+ Rxe6 25. Rf8+ Kd7 26. Rf7+ Re7 27. Rxe7+ Kxe7 28. cxd6+ Kxd6 29. Kf2 Bd5 30. a3 Kc5 31. g3 Kb6 32. Ke3 Ka5 33. Kd4 Bf7 34. Kc5 Ka4 35. Kb6 Kxa3 36. Kxa6 Bc4 37. Ka5 Bd3 38. g4 g5 39. h3 Be2 40. Kb6 Kb2 41. Ne4 Bd3 42. c4 bxc4 43. Nf2 Be2 0-1

[Event "Liberec op 17th"]
[Site "Liberec"]
[Date "2017.02.26"]
[Round "2"]
[White "Horbing, Stefan"]
[Black "Yalkanova, Merdjen"]
[Result "0-1"]
[WhiteElo "2121"]
[BlackElo "1898"]
[PlyCount "60"]
[EventDate "2017.02.25"]
[EventType "swiss"]
[EventRounds "9"]
[EventCountry "CZE"]
[SourceTitle "CBM 177 Extra"]
[Source "ChessBase"]
[SourceDate "2017.04.27"]
[SourceVersion "1"]
[SourceVersionDate "2017.04.27"]
[SourceQuality "1"]

1. d4 d5 2. c4 e6 3. g3 Nf6 4. Bg2 b6 5. Qa4+ Nbd7 6. cxd5 Nxd5 7. Nc3 Bb7 8. Nxd5 exd5 9. Nf3 Bd6 10. Bg5 f6 11. Bd2 0-0 12. Bh3 f5 13. Nh4 g6 14. 0-0 Qe7 15. Rae1 Qg7 16. Nf3 a5 17. Rc1 Rae8 18. Rfe1 Nf6 19. Qb3 Ne4 20. Bxa5 f4 21. Bc3 Qh6 22. Bg2 fxg3 23. hxg3 Bxg3 24. fxg3 Qe3+ 25. Kh2 Rf5 26. Rf1 Rh5+ 27. Nh4 Qxg3+ 28. Kg1 Rxh4 29. Rf3 Qh2+ 30. Kf1 Rg4 0-1

[Event "Deltalift op"]
[Site "Tylosand"]
[Date "2016.05.07"]
[Round "7"]
[White "Kockum, Anton Frisk"]
[Black "Horbing, Stefan"]
[Result "1-0"]
[WhiteElo "2382"]
[BlackElo "2072"]
[PlyCount "69"]
[EventDate "2016.05.05"]
[EventType "swiss"]
[EventRounds "8"]
[EventCountry "SWE"]
[SourceTitle "CBM 172 Extra"]
[Source "ChessBase"]
[SourceDate "2016.06.21"]
[SourceVersion "1"]
[SourceVersionDate "2016.06.21"]
[SourceQuality "1"]

1. d4 Nf6 2. c4 g6 3. Nc3 d5 4. cxd5 Nxd5 5. Bd2 Nb6 6. e3 Bg7 7. f4 0-0 8. Nf3 c5 9. dxc5 N6d7 10. Na4 e5 11. Bc4 Qe7 12. 0-0 exf4 13. Qb3 Nc6 14. exf4 Nxc5 15. Nxc5 Qxc5+ 16. Be3 Nd4 17. Nxd4 Bxd4 18. Bxd4 Qxd4+ 19. Kh1 Bg4 20. h3 Bf5 21. Rad1 Qc5 22. Rd5 Qc6 23. Re5 Rab8 24. Re7 Qf6 25. Rxb7 Rxb7 26. Qxb7 Qd4 27. Bb3 Be4 28. Qe7 Qd3 29. Kg1 Qe3+ 30. Kh2 Qe2 31. Rg1 Qe3 32. Qe5 Qd3 33. Re1 Bf5 34. Qf6 Qd2 35. Bxf7+ 1-0

[Event "Vaxjo op"]
[Site "Vaxjo"]
[Date "2016.02.20"]
[Round "6"]
[White "Horbing, Stefan"]
[Black "Gutzmann, Tobias"]
[Result "0-1"]
[WhiteElo "2080"]
[BlackElo "2155"]
[PlyCount "94"]
[EventDate "2016.02.19"]
[EventType "swiss"]
[EventRounds "8"]
[EventCountry "SWE"]
[SourceTitle "CBM 170 Extra"]
[Source "ChessBase"]
[SourceDate "2016.02.25"]
[SourceVersion "1"]
[SourceVersionDate "2016.02.25"]
[SourceQuality "1"]

1. Nf3 d5 2. d4 Nf6 3. c4 c6 4. e3 Bf5 5. Nc3 a6 6. Qb3 Ra7 7. Bd2 e6 8. Rc1 Nbd7 9. Nh4 Be4 10. f3 dxc4 11. Bxc4 Bd5 12. Bxd5 Nxd5 13. g3 Bb4 14. e4 Nxc3 15. bxc3 Be7 16. Ng2 b5 17. 0-0 Nb6 18. Ne3 c5 19. Rfd1 Rd7 20. Kg2 0-0 21. Nc2 Na4 22. Be1 Bf6 23. c4 cxd4 24. cxb5 Nc3 25. Rd3 axb5 26. Nb4 Qc8 27. Rd2 Qb7 28. Nd3 Rc7 29. e5 Bg5 30. Nf4 Bxf4 31. gxf4 Ne2 32. Rxc7 Nxf4+ 33. Kg3 Nh5+ 34. Kg4 Qxc7 35. f4 g6 36. Rxd4 Qc6 37. Qd3 Qg2+ 38. Bg3 Ng7 39. Rd8 Nh5 40. Rxf8+ Kxf8 41. a3 Kg7 42. Qe3 Nxg3 43. Qxg3 Qxg3+ 44. hxg3 f6 45. Kh4 h6 46. g4 fxe5 47. fxe5 Kf7 0-1

[Event "Vaxjo op"]
[Site "Vaxjo"]
[Date "2015.02.13"]
[Round "2"]
[White "Horbing, Stefan"]
[Black "Brynell, Stellan"]
[Result "1-0"]
[WhiteElo "2080"]
[BlackElo "2452"]
[PlyCount "113"]
[EventDate "2015.02.13"]
[EventType "swiss"]
[EventRounds "8"]
[EventCountry "SWE"]
[SourceTitle "CBM 164 Extra"]
[Source "ChessBase"]
[SourceDate "2015.03.02"]
[SourceVersion "1"]
[SourceVersionDate "2015.03.02"]
[SourceQuality "1"]

1. Nf3 Nf6 2. d4 e6 3. c4 Bb4+ 4. Nbd2 0-0 5. e3 d5 6. a3 Be7 7. Bd3 b6 8. 0-0 Bb7 9. b3 c5 10. dxc5 bxc5 11. Bb2 Nbd7 12. Qe2 a5 13. a4 Qb6 14. Rab1 Rfd8 15. Rfd1 Rab8 16. Ne5 Nxe5 17. Bxe5 Rbc8 18. cxd5 exd5 19. Bf5 Ra8 20. h4 Bc8 21. Qf3 Bxf5 22. Qxf5 Qe6 23. Qxe6 fxe6 24. g3 Rd7 25. f3 Rb7 26. Rbc1 Kf7 27. g4 Ra6 28. h5 Nd7 29. Bc3 Bf6 30. Bxf6 gxf6 31. f4 Rb4 32. Kf2 Rab6 33. Ke2 Ke7 34. Rg1 h6 35. g5 fxg5 36. fxg5 hxg5 37. Rxg5 Rh4 38. Rf1 Rh2+ 39. Rf2 Rh1 40. Rg7+ Kd6 41. Rh7 Ne5 42. Rg2 Rb4 43. Ra7 Rg4 44. Rxg4 Nxg4 45. Rxa5 Rh2+ 46. Kd3 Rh3 47. Ra6+ Ke5 48. Nf1 Rxh5 49. Rc6 Rf5 50. Nd2 Nf2+ 51. Ke2 Ne4 52. Nxe4 Kxe4 53. Rxe6+ Re5 54. Rxe5+ Kxe5 55. Kd3 Kd6 56. Kc3 Kc6 57. b4 1-0

[Event "Karlstad op"]
[Site "Karlstad"]
[Date "2013.12.28"]
[Round "4"]
[White "Ernst, Thomas"]
[Black "Horbing, Stefan"]
[Result "0-1"]
[WhiteElo "2391"]
[BlackElo "2059"]
[PlyCount "91"]
[EventDate "2013.12.27"]
[EventType "swiss"]
[EventRounds "7"]
[EventCountry "SWE"]
[SourceTitle "EXT 2015"]
[Source "ChessBase"]
[SourceDate "2014.11.20"]
[SourceVersion "1"]
[SourceVersionDate "2014.11.20"]
[SourceQuality "1"]

1. e4 e5 2. Nf3 Nc6 3. Bb5 a6 4. Ba4 Nf6 5. 0-0 Be7 6. Re1 b5 7. Bb3 0-0 8. c3 d6 9. h3 Nb8 10. d4 Nbd7 11. Nbd2 Bb7 12. Bc2 c5 13. d5 c4 14. b3 cxb3 15. axb3 Qc7 16. Bb2 Rfb8 17. b4 Nb6 18. Bb3 Bc8 19. Rc1 Bd7 20. c4 bxc4 21. Nxc4 Nxc4 22. Rxc4 Qb6 23. Nxe5 dxe5 24. Bxe5 Bxb4 25. Bc7 Qb5 26. Bxb8 Bxe1 27. Be5 Re8 28. Bxf6 gxf6 29. Qf3 Qb6 30. Qg3+ Kh8 31. Qf4 f5 32. Bc2 Bb5 33. Rc7 Bxf2+ 34. Kh1 Qe3 35. Qxe3 Bxe3 36. d6 Bf4 37. Rxf7 Bxd6 38. Rxf5 Be5 39. g4 Kg7 40. Bb3 Bc6 41. Bd5 Bxd5 42. exd5 Bd6 43. Rf3 a5 44. Rb3 a4 45. Rb7+ Re7 46. Rb3 0-1